| 000 | 00878cab a2200181 4500 | ||
|---|---|---|---|
| 001 | ##L134538 | ||
| 008 | 060815n2006 000 0 eng u | ||
| 035 | _a(Sirsi) u134538 | ||
| 041 | 0 | _aeng | |
| 100 | 1 | _aPearson, David | |
| 245 | 0 | 0 |
_aDispute resolution _bcontrolling the cost |
| 260 | _c2006 | ||
| 490 | 0 |
_aFacilities Management _v13(11) August 2006, 22-23(2) |
|
| 520 | _aLooks at alternatives to litigation for resolving disputes, which can save time and money, lead to creative problem-solving and prevent bad publicity. Provides a model dispute resolution clause for inclusion in contracts, mentions arbitration and conciliation, and discusses the characteristics and benefits of mediation. | ||
| 590 | _aIKA220806 | ||
| 690 | _aMANAGEMENT-DISPUTE AVOIDANCE, MANAGEMENT AND RESOLUTION-DISPUTE MANAGEMENT AND RESOLUTION-ALTERNATIVE DISPUTE RESOLUTION | ||
| 942 | _n0 | ||
| 999 |
_c77555 _d77555 |
||